[Event "SUI-chT"]
[Site "Switzerland"]
[Date "2015.03.29"]
[Round "1.5"]
[White "Elezi, Egzon"]
[Black "Seps, Monika"]
[Result "1/2-1/2"]
[WhiteElo "2264"]
[BlackElo "2312"]
[PlyCount "143"]
[EventDate "2015.03.29"]
[EventType "team-tourn"]
[EventRounds "9"]
[EventCountry "SUI"]
[SourceTitle "EXT 2016"]
[Source "ChessBase"]
[SourceDate "2015.10.08"]
[SourceVersion "1"]
[SourceVersionDate "2015.10.08"]
[SourceQuality "1"]
[WhiteTeam "Echallens"]
[BlackTeam "Reti"]
[WhiteTeamCountry "SUI"]
[BlackTeamCountry "SUI"]

1. e4 e6 2. d4 d5 3. exd5 exd5 4. h3 Nc6 5. Nf3 Bd6 6. a3 Bf5 7. Bd3 Bxd3 8. Qxd3 Nge7 9. 0-0 h6 10. Nbd2 0-0 11. c4 Qd7 12. b4 a6 13. Bb2 Bf4 14. Rad1 Rad8 15. Rfe1 Bxd2 16. Rxd2 dxc4 17. Qxc4 Qd5 18. Qc3 Ng6 19. Red1 Rfe8 20. Qc5 Nf4 21. Qxd5 Rxd5 22. Rc2 g5 23. Kh2 Kg7 24. g3 Ne6 25. Kg2 Red8 26. Re1 Kg6 27. Rec1 h5 28. Re2 g4 29. Nh4+ Kf6 30. hxg4 hxg4 31. Re4 Rg8 32. f3 gxf3+ 33. Nxf3 Ke7 34. Rce1 Rg6 35. Nh4 Rg8 36. Rf1 Ke8 37. Nf5 Ne7 38. Ne3 Rdg5 39. Rf3 Nd5 40. Nf5 Ne7 41. Nh6 Rf8 42. Nxf7 Rxf7 43. Rxe6 Rh7 44. Bc1 Rgh5 45. Rff6 Rh2+ 46. Kf3 Rc2 47. Bg5 Kd7 48. Re2 Rc3+ 49. Re3 Rc4 50. Ke4 Nc6 51. Kd3 Rxd4+ 52. Kc3 Rd6 53. Rf8 Rd5 54. Bf4 a5 55. bxa5 Nxa5 56. Ree8 b5 57. Rd8+ Ke7 58. Rxd5 Kxf8 59. Rxb5 Nc6 60. Rc5 Na7 61. a4 c6 62. Bb8 Rb7 63. Bxa7 Rxa7 64. Kb4 Rb7+ 65. Kc4 Ra7 66. a5 Ke7 67. g4 Kd6 68. g5 Rf7 69. Kd4 Rf1 70. Rc2 Ra1 71. g6 Rxa5 72. Rg2 1/2-1/2

[Event "EU-Cup 23rd"]
[Site "Kemer"]
[Date "2007.10.05"]
[Round "3.4"]
[White "Zelcic, Robert"]
[Black "Elezi, Egzon"]
[Result "1-0"]
[WhiteElo "2578"]
[BlackElo "2266"]
[PlyCount "59"]
[EventDate "2007.10.03"]
[EventType "team-swiss"]
[EventRounds "7"]
[EventCountry "TUR"]
[SourceTitle "CBM 121"]
[Source "ChessBase"]
[SourceDate "2007.11.14"]
[SourceVersion "1"]
[SourceVersionDate "2007.11.14"]
[SourceQuality "1"]
[WhiteTeam "Zagreb"]
[BlackTeam "Pristina"]
[WhiteTeamCountry "CRO"]
[BlackTeamCountry "YUG"]

1. e4 c5 2. Nf3 e6 3. d4 cxd4 4. Nxd4 a6 5. Nc3 Qc7 6. Be2 Nf6 7. 0-0 Be7 8. f4 d6 9. Kh1 0-0 10. a4 Nfd7 11. Bf3 Re8 12. Qe1 Nf8 13. f5 Nbd7 14. Bh5 g6 15. Be2 Bf6 16. Qf2 Qb6 17. fxe6 fxe6 18. e5 dxe5 19. Ne4 Qd8 20. Nb3 Kg7 21. Be3 Rb8 22. Rad1 b6 23. a5 bxa5 24. Nbc5 Qe7 25. Nxd7 Nxd7 26. Rxd7 Bxd7 27. Nxf6 Rf8 28. Bh6+ Kh8 29. Bxf8 Rxf8 30. Qa7 1-0

[Event "SRB-chT3 South"]
[Site "Serbia"]
[Date "2006.??.??"]
[Round "4"]
[White "Elezi, Egzon"]
[Black "Petrov, Georgi"]
[Result "1-0"]
[WhiteElo "2156"]
[BlackElo "2271"]
[PlyCount "72"]
[EventDate "2006.09.10"]
[EventType "team"]
[EventRounds "11"]
[EventCountry "SRB"]
[SourceTitle "EXT 2012"]
[Source "ChessBase"]
[SourceDate "2011.11.24"]
[SourceVersion "1"]
[SourceVersionDate "2011.11.24"]
[SourceQuality "1"]

1. e4 c5 2. Nf3 a6 3. d4 cxd4 4. Nxd4 Nf6 5. Bd3 e5 6. Ne2 d5 7. exd5 Nxd5 8. Be4 Be6 9. Nbc3 Bb4 10. Bd2 Be7 11. 0-0 0-0 12. Nxd5 Bxd5 13. Bxd5 Qxd5 14. b3 Nc6 15. c4 Qd3 16. Be3 Qf5 17. Nc3 Rad8 18. Nd5 Rfe8 19. Qe2 Bf8 20. Rad1 e4 21. Nc7 Re7 22. Bb6 Rc8 23. Nd5 Ree8 24. f3 exf3 25. Qxf3 Qxf3 26. Rxf3 Ne5 27. Rf2 Rc6 28. Bd4 f6 29. a4 Bd6 30. h3 Bb8 31. g4 Rce6 32. Kg2 h6 33. a5 Nc6 34. Bb6 Ne7 35. Nxe7+ R6xe7 36. Rfd2 Bc7 1-0